• 首页
  • 本馆介绍
  • 公告通知
  • 最新文献
  • 馆藏检索
  • 电子资源
  • 读者导购
  • 参考咨询
  • 我的图书馆
  • 登录
  • 详细信息显示
  • 放入我的书架
  • 预约/预借图书
  • 作者相关作品
  • 分类相关作品
  • 丛书相关作品
  • 出版社相关作品

书目信息

  • 表格格式
  • 工作单格式
  • 卡片格式
题名:
新编国际经济学
    
 
作者: 赫国胜 , 杨哲英 , 关宇 主编
分册:  
出版信息: 北京   清华大学出版社  2008
页数: 340页
开本: 23cm
丛书名:
单 册:
中图分类: F11-0
科图分类:
主题词: 国际经济学--教材 , 国际经济学
电子资源:
ISBN: 978-7-302-16531-6
000 01097nam0 2200289 45
005 20100301113859.96
010    @a978-7-302-16531-6@dCNY33.00
100    @a20100120d2008 ekmy0chiy0120 ea
101 0  @achi
102    @aCN@b110000
105    @ay z 000yy
106    @ar
200 1  @a新编国际经济学@AXin Bian Guo Ji Jing Ji Xue@dInternational economics@f赫国胜,杨哲英,关宇主编@FHe Guo Sheng, Yang Zhe Ying, Guan Yu Zhu Bian@zeng
205    @a2版
210    @a北京@c清华大学出版社@d2008
215    @a340页@d23cm
300    @a21世纪经济学教材
330    @a本书内容包括三部分,国际贸易部分阐明贸易基础、贸易条件以及贸易利益的分配;国际金融部分包括汇率理论与制度、国际收支调节理论与政策,以及国际货币体系;国际要素流动部分包括资本和劳动力的国际流动以及跨国公司理论。
510 1  @aInternational economics@zeng
606 0  @a国际经济学@j教材
606 0  @a国际经济学
690    @aF11-0@v4
701  0 @a赫国胜@AHe Guo Sheng@4主编
701  0 @a杨哲英@AYang Zhe Ying@4主编
701  0 @a关宇@AGuan Yu@4主编
801  0 @aCN@bTANGWEI@c20100301
905    @b0584507-11@dF11-0@e140=2@f5
    
    新编国际经济学=International economics/赫国胜,杨哲英,关宇主编.-2版.-北京:清华大学出版社,2008
    340页;23cm
    21世纪经济学教材
    
    ISBN 978-7-302-16531-6:CNY33.00
    本书内容包括三部分,国际贸易部分阐明贸易基础、贸易条件以及贸易利益的分配;国际金融部分包括汇率理论与制度、国际收支调节理论与政策,以及国际货币体系;国际要素流动部分包括资本和劳动力的国际流动以及跨国公司理论。
●
相关链接 在E读中查询图书 在五车中查询图书 在当当中查询图书 在豆瓣中查询图书


正题名:新编国际经济学     索取号:F11-0/140=2         预约/预借

序号 登录号 条形码 馆藏地/架位号 状态 备注
1 0584507   205845077   第一样本阅览室/ [索取号:F11-0/140=2] 在馆    
2 0584508   205845086   第一借阅区/ [索取号:F11-0/140=2] 在馆    
3 0584509   205845095   第一借阅区/ [索取号:F11-0/140=2] 在馆    
4 0584510   205845102   第一借阅区/ [索取号:F11-0/140=2] 在馆    
5 0584511   205845111   密集书库-海洋学院/ [索取号:F11-0/140=2] 在馆    
唐山师范学院图书馆 欢迎您!
大连网信软件有限公司© 版权所有